El jardín de las ilusiones (Registro nro. 8518)

Detalles MARC
000 - LÍDER
campo de control de longitud fija 01059nam a2200301Ia 4500
005 - FECHA Y HORA DE LA ÚLTIMA TRANSACCIÓN
campo de control 20210727153450.0
008 - ELEMENTOS DE DATOS DE LONGITUD FIJA - INFORMACIÓN GENERAL
campo de control de longitud fija 170503s2008 c a g 000 j und
020 ## - INTERNATIONAL STANDARD BOOK NUMBER
International Standard Book Number 9789583007019
041 ## - CÓDIGO DE LENGUAJE
Código de idioma de texto / pista de sonido o título separado spa
040 ## - FUENTE DE CATALOGACIÓN
Agencia de catalogación original CO-BoRNBP
Lenguaje de catalogación spa
Descripción convenciones rda
Agencia de transcripción CO-BoRNBP
084 ## - OTRO NÚMERO DE CLASIFICACIÓN
Número de clasificación C NIÑ1
100 1# - ENTRADA PRINCIPAL - NOMBRE PERSONAL
Nombre de la persona Niño, Jairo Aníbal
Fechas asociadas a un nombre 1941-2010
245 13 - TÍTULO DECLARACIÓN
Título El jardín de las ilusiones
Declaración de responsabilidad Jairo Aníbal Niño ; ilustraciones Luz Marina Camacho
250 ## - DECLARACIÓN DE EDICIÓN
Sentencia de edición 1a. edición. 8a. reimpresión
264 ## - AVISO DE PRODUCCIÓN, PUBLICACIÓN, DISTRIBUCIÓN, FABRICACIÓN Y DERECHOS DE AUTOR
Lugar de producción Bogotá
Nombre del productor Panamericana
Fecha de producción 2008
300 ## - DESCRIPCIÓN FÍSICA
Alcance 84 páginas
Otros datos físicos ilustraciones a color
Dimensiones 20 cm
336 ## - TIPO DE CONTENIDO
Tipo de contenido texto
Código de tipo de contenido txt
Fuente rdacontent
337 ## - TIPO DE MEDIO
Término del tipo de medio sin mediación
Código de tipo de medio n
Fuente rdamedia
338 ## - TIPO DE PORTADOR
Término del tipo de operador volumen
Código de tipo de operador nc
Fuente rdacarrier
490 ## - DECLARACIÓN EN SERIE
Estado de cuenta de la serie Corcel : narrativa
650 14 - ENTRADA DE SUJETO AÑADIDO - TÉRMINO TÓPICO
Fuente del título o término LEMB
Término tópico o elemento de entrada del nombre geográfico Cuentos infantiles colombianos
Subdivisión cronológica Siglo XX
650 14 - ENTRADA DE SUJETO AÑADIDO - TÉRMINO TÓPICO
Fuente del título o término LEMB
Término tópico o elemento de entrada del nombre geográfico Literatura infantil colombiana
Subdivisión cronológica Siglo XX
650 14 - ENTRADA DE SUJETO AÑADIDO - TÉRMINO TÓPICO
Fuente del título o término LEMB
Término tópico o elemento de entrada del nombre geográfico Magia en la literatura
650 14 - ENTRADA DE SUJETO AÑADIDO - TÉRMINO TÓPICO
Fuente del título o término LEMB
Término tópico o elemento de entrada del nombre geográfico Magos en la literatura
650 14 - ENTRADA DE SUJETO AÑADIDO - TÉRMINO TÓPICO
Fuente del título o término LEMB
Término tópico o elemento de entrada del nombre geográfico Oficios en la literatura
700 1# - ENTRADA AGREGADA - NOMBRE PERSONAL
Nombre de la persona Camacho Turriago, Luz Marina
Término del Relator ilustradora
942 ## - ELEMENTOS DE ENTRADA AGREGADOS (KOHA)
Fuente de clasificación o esquema de estanterías Local
Tipo de artículo Koha Literartura
Existencias
Estado de retirada Pérdida de estatus Fuente de clasificación o esquema de estanterías Estado dañado No para préstamo Código de recogida Ubicación permanente Ubicación actual Ubicación de las estanterías Fecha de adquisición Total de Cajas Número Topográfico Código de barras Precio efectivo desde Número de copia Fecha de la última vez que se vio Tipo de artículo Koha Nota pública Fuente de adquisición
    Dewey Decimal Classification     General Biblioteca Pública Departamental Comfamiliar Risaralda Biblioteca Pública Departamental Comfamiliar Risaralda Área General 22/08/2017   863.6 N717j 1001291 18/08/2021 Ej. 1 14/12/2018 Libro Cuentos Infantiles  
    Dewey Decimal Classification     Infantil Biblioteca Pública Municipal Abraham Ayala Biblioteca Pública Municipal Abraham Ayala Área Infantil 29/08/2024   C NIÑ1 PUE13 - 3266 29/08/2024 Ej. 1 29/08/2024 Libro   DOTACIÓN MUNICIPIO